000 01066cam a22002897a 4500
001 12555968
005 20160302150332.0
008 011004s2001 enka frb 001 0 eng d
020 _a0340741252
020 _a9780340741252
040 _aUKM
_cUKM
_dOCLCQ
_dDLC
_dEG-ScBUE
_beng
082 0 4 _a616.994075
_222
_bQUA
245 0 0 _aQuantitative methods for the evaluation of cancer screening /
_cedited by Stephen W. Duffy, Catherine Hill, Jacques Esteve.
260 _aLondon :
_bArnold ;
_aNew York :
_bCo-published in the United States of America by Oxford University Press,
_c2001.
300 _ax, 161 p. :
_bill. ;
_c24 cm.
500 _aIndex : p. 157-161.
504 _aIncludes bibliographical references.
650 0 _aCancer
_xDiagnosis.
_2BUEsh
650 0 _aCancer
_xPrevention.
_2BUEsh
650 0 _aMedical screening
_xEvaluation
_xMathematical models.
_2BUEsh
651 _2BUEsh
653 _bPPhrm
_cMarch2016
700 1 _aDuffy, Stephen W.,
_eeditor.
700 1 _aHill, Catherine,
_eeditor.
700 1 _aEsteve, Jacques,
_eeditor.
942 _2ddc
999 _c21306
_d21278